Understandable statistics : (Record no. 855)
[ view plain ]
| 000 -LEADER | |
|---|---|
| fixed length control field | 00487nam a2200133 4500 |
| 020 ## - INTERNATIONAL STANDARD BOOK NUMBER | |
| ISBN | 9780395907740 |
| 050 ## - CALL NUMBER | |
| Classification number | QA276 |
| 100 ## - AUTHOR | |
| Personal name | Farber, Elizabeth |
| -- | Brase, Charles Henry |
| 245 ## - TITLE | |
| Title | Understandable statistics : |
| Remainder of title | study and solutions guide |
| Statement of responsibility, etc | Elizabeth Farber. |
| 260 ## - PUBLICATION INFORMATION | |
| Place of publication | Boston : |
| Name of publisher | Houghton Mifflin, |
| Year of publication | ©1999. |
| 300 ## - DESCRIPTION | |
| Number of Pages | v, 419 pages : |
| Other physical details | illustrations ; |
| Dimensions | 28 cm |
| 650 ## - SUBJECTS | |
| Topical Term | Mathematical statistics -- Examinations, questions, etc. |
| -- | Mathematical statistics. |
| 942 ## - ADDED ENTRY ELEMENTS (KOHA) | |
| Koha item type | Books |
| Withdrawn status | Lost status | Home library | Current library | Date acquired | Full call number | Accession Number | Koha item type |
|---|---|---|---|---|---|---|---|
| Methodist University Library Wenchi Faculty | Methodist University Library Wenchi Faculty | 14/11/2017 | QA276 | 21511 | Books | ||
| Methodist University Library Wenchi Faculty | Methodist University Library Wenchi Faculty | 14/11/2017 | QA276 | 21512 | Books |